000 00229nam a22000857a 4500
008 161028b xxu||||| |||| 00| 0 eng d
100 _9979
_aPal.Y.etal.
245 _aSecondary Biology-IX
260 _aNew Delhi
_bA.P.C. Publications
_c2009
999 _c3638
_d3638